000 00380nam a22001457a 4500
999 _c7693
_d7693
008 190306b ||||| |||| 00| 0 eng d
020 _a9780692557341
082 _a610 H36m 2017
100 _aHatcher, Robert A.
245 _aManaging Contraception.
250 _a14th ed.
260 _aGeorgia ;
_bBridging the gap Foundation,
_c2017.
300 _a266 p.
_c19 cm.
942 _2ddc